| 000 | 01071cad a22002415a 4500 | ||
|---|---|---|---|
| 001 | L124650 | ||
| 008 | 031218s2003 xxk l 000 0 eng u | ||
| 020 | _a0110481844 | ||
| 035 | _a(Sirsi) u124650 | ||
| 041 | _aeng | ||
| 110 | 2 |
_aUnited Kingdom _kLaws, etc. _95044 |
|
| 245 |
_aLands Tribunal (Amendment) Rules 2003 _h[electronic resource] |
||
| 260 |
_aLondon _bHMSO _c2003 |
||
| 490 |
_aSI _v2003:2945 |
||
| 520 | _aThis regulation came into force on 7 December 2003 in England. Brought the Commonhold and Leasehold Reform Act 2002 s175 into force allowing appeals to the Lands Tribunal from a Leasehold Valuation Tribunal in all cases without the party having to pay costs. View at www.hmso.gov.uk. | ||
| 650 | _aLANDS TRIBUNAL | ||
| 650 | _aCOMMONHOLD AND LEASEHOLD REFORM ACT 2002 S175 | ||
| 650 | _aLEASEHOLD VALUATION TRIBUNALS | ||
| 651 | 4 |
_aEngland and Wales _y1543- |
|
| 690 | _aPROPERTY-PROPERTY APPRAISAL AND VALUATION | ||
| 856 |
_uhttps://www.legislation.gov.uk/uksi/2003/2945/contents/made _zView the SI at www.legislation.gov.uk |
||
| 942 | _n0 | ||
| 999 |
_c103263 _d103263 |
||